Orthodontics in Clinical Practice (Record no. 20824)

MARC details
000 -LEADER
fixed length control field 00338nam a22001457a 4500
003 - CONTROL NUMBER IDENTIFIER
control field SGT
020 ## - INTERNATIONAL STANDARD BOOK NUMBER
International Standard Book Number 9781848290730
082 ## - DEWEY DECIMAL CLASSIFICATION NUMBER
Classification number 617.643
Item number O15R
100 ## - MAIN ENTRY--PERSONAL NAME
Personal name Rossi, Massimo
245 ## - TITLE STATEMENT
Title Orthodontics in Clinical Practice
260 ## - PUBLICATION, DISTRIBUTION, ETC. (IMPRINT)
Place of publication, distribution, etc NEW DELHI
Name of publisher, distributor, etc ANSHAN PUBLISHER
Year of Publication 2015
300 ## - PAGE DESCRIPTION
No. of Pages 278
650 ## - SUBJECT ADDED ENTRY--TOPICAL TERM
Topical term or geographic name as entry element ORTHODONTICS
942 ## - ADDED ENTRY ELEMENTS (KOHA)
Source of classification or shelving scheme Dewey Decimal Classification
Koha item type Books
Holdings
Withdrawn status Lost status Source of classification or shelving scheme Damaged status Not for loan Home library Current library Shelving location Date acquired Vendor Name Cost, normal purchase price SGTU Bill Number Total Checkouts Full call number Accession No. (Barcode) Date last seen Bill Date Koha item type
    Dewey Decimal Classification     SGT Dental Library SGT Dental Library Reference Book 25/02/2021 AHUJA BOOK COMPANY 8423.00 SGTU 12616   617.643 O15R FD8101 25/02/2021 27/01/2021 Books